000 00719nam a2200241 a 4500
001 25863
003 CO-ViMGA
008 141112s2004 ck r 000 u spa d
020 _a9789585810938
040 _aCO-ViMGA
_bspa
_cCO-ViMGA
041 _aSPA
090 _aC LUG1
100 1 _aLugones, Leopoldo, 1874 - 1938
_940264
245 1 0 _aCuentos fatales /
_cLeopoldo Lugones
250 _a1a ed.
260 _aMadrid :
_bEneida,
_c2010
300 _a132 p.
490 _aConfabulaciones
505 _aEl vaso de alabastro - - Los ojos de la reina - - El puñal - - El secreto de Don Juan - - Águeda
650 1 4 _aAUTORES ARGENTINOS
_92129
650 1 4 _aCUENTOS ARGENTINOS - SIGLO XX
_92231
942 _2ddc
_cBK
999 _c5428
_d5428